• 首页
  • 本馆介绍
  • 公告通知
  • 最新文献
  • 馆藏检索
  • 电子资源
  • 读者导购
  • 参考咨询
  • 我的图书馆
  • 登录
  • 详细信息显示
  • 放入我的书架
  • 预约/预借图书
  • 作者相关作品
  • 分类相关作品
  • 丛书相关作品
  • 出版社相关作品

书目信息

  • 表格格式
  • 工作单格式
  • 卡片格式
题名:
自制电子趣物100例
    
 
作者: 泰漫里 著 ;邓肃然 , 朱甫正 译
分册:  
出版信息: 北京   轻工业出版社  1985
页数: 223页
开本: 19cm
丛书名:
单 册:
中图分类: TS95
科图分类:
主题词: 轻工业 , 手工业
电子资源:
ISBN:
000 00747nam0 2200277 45
001 0185020726
005 20040517174628.5
010    @dCNY1.30
091    @a15042.1904
100    @a19900918d1985 em y0chiy0121 ea
101 1  @achi@ceng
102    @aCN@b110000
105    @ay z 000yy
106    @ar
200 10 @a自制电子趣物100例@Azi zhi dian zi qu wu 100 li@f(美)泰漫里著@g邓肃然, 朱甫正译
210    @a北京@c轻工业出版社@d1985
215    @a223页@d19cm
606 0  @a轻工业
606 0  @a手工业
690    @aTS95
701  1 @a泰漫里@Atai man li@4著
702  0 @a邓肃然@Adeng su ran@4译
702  0 @a朱甫正@Azhu fu zheng@4译
801  0 @aCN@b深圳图书馆@c20040517
801  2 @aCN@bNLC@c20040517
905    @f2@b139460-461@dTS95@e8
    
    自制电子趣物100例/(美)泰漫里著/邓肃然, 朱甫正译.-北京:轻工业出版社,1985
    223页;19cm
    
    
    ISBN :CNY1.30
    
●
相关链接 在E读中查询图书 在五车中查询图书 在当当中查询图书 在豆瓣中查询图书


正题名:自制电子趣物100例     索取号:TS95/8         预约/预借

序号 登录号 条形码 馆藏地/架位号 状态 备注
1 0139460   001477020   第三借阅区/ [索取号:TS95/8] 在馆    
2 0139461   001477084   第三借阅区/ [索取号:TS95/8] 在馆    
3 0139464   001477011   第二样本阅览室/ [索取号:TS95/8] 在馆    
唐山师范学院图书馆 欢迎您!
大连网信软件有限公司© 版权所有